000 00952nam a22002657a 4500
003 AM-YEHGA
005 20250618080148.0
008 220622s2021 ai ||||| |||| 00| 0 arm d
020 _a9789939884349
040 _aAM-YeHGA
041 1 _aarm
_heng
100 1 _aՕզնոս, Էվան
245 1 0 _aՋո Բայդեն :
_bԿյանքը, կարիերան և ամենակարևորը /
_cՕ. Էվան ; Թարգմ. անգլ.՝ Դավիթ Սարգսյան
246 1 5 _aJoe Biden :
_bThe Life, the Run, and What Matters Now
260 _aԵրևան :
_bNewmag,
_c2021
300 _a216 էջ
500 _aՏարվա լավագույն գիրք
600 1 4 _aԲայդեն, Ջո Ռոբինեթ
_d1942-
650 1 4 _aԱմերիկյան քաղաքականություն
650 1 4 _aՔաղաքական գործիչներ
700 1 _aՍարգսյան, Դավիթ
_eթարգմ.
_4trl
_93377
942 _2udc
_cBK
001 1840154
090 _c569745
999 _c530991
_d530991